All the Geography I know-Europe Edition - Statistics

General Stats
  • This quiz has been taken 32 times
  • The average score is 148 of 281
Answer Stats
Hint Letter Answer % Correct
Capital of Germany B Berlin
96%
Sea between Europe and Africa M Mediterranean
96%
Sea between Turkey and Greece A Aegean
92%
Capital of the Netherlands A Amsterdam
92%
Capital of Catalonia B Barcelona
92%
Capital of Bavaria M Munich
92%
Capital of Greece A Athens
88%
Capital of Belgium B Brussels
88%
Capital of Hungary B Budapest
88%
Capital of Scotland E Edinburgh
88%
Country in Scandinavia F Finland
88%
Country in Europe F France
88%
Country in Europe G Germany
88%
Capital of the United Kingdom L London
88%
City in France L Lyon
88%
Sea bordering Croatia and Slovenia A Adriatic
85%
Country in Europe A Albania
85%
Capital of Northern Ireland B Belfast
85%
Capital of Switzerland B Bern
85%
City in the United Kingdom B Birmingham
85%
Country on the Balkan peninsula C Croatia
85%
City in Italy(Hint:Medici) F Florence
85%
City in Scotland G Glasgow
85%
City in Germany H Hamburg
85%
Capital of Finland H Helsinki
85%
Capital of Ukraine K Kiev
85%
Capital of Spain M Madrid
85%
City in England M Manchester
85%
City in France M Marseille
85%
Capital of Belarus M Minsk
85%
Country only bordering Romania and Ukraine M Moldova
85%
Capital of Russia M Moscow
85%
Home to the oldest university in England O Oxford
85%
Capital of France P Paris
85%
Country on the Iberian peninsula P Portugal
85%
Capital of Latvia R Riga
85%
Capital of Italy R Rome
85%
City state surrounded by Italy S San Marino
85%
Slavic country S Slovakia
85%
Slavic country S Slovenia
85%
Capital of the above S Stockholm
85%
Country in Europe A Andorra
81%
City in Belgium A Antwerp
81%
Capital of Slovakia B Bratislava
81%
City in Ireland C Cork
81%
City in Germany D Dresden
81%
Capital of Ireland D Dublin
81%
Country that gained independence in 2008 K Kosovo
81%
Baltic country L Latvia
81%
City in England L Leeds
81%
Capital of Portugal L Lisbon
81%
City in England L Liverpool
81%
Island country in that sea M Malta
81%
City in Italy M Milan
81%
Country on the Balkan peninsula M Montenegro
81%
Capital of Iceland R Reykjavik
81%
German river R Rhine
81%
Country in Southern Europe R Romania
81%
Biggest country in the world by size R Russia
81%
Capital of Bosnia and Herzegovina S Sarajevo
81%
"Country" of the United Kingdom S Scotland
81%
Country on the Balkan peninsula S Serbia
81%
Capital of Bulgaria S Sofia
81%
Country on the Iberian peninsula S Spain
81%
Country in Scandinavia S Sweden
81%
City in Italy T Turin
81%
Capital of Croatia Z Zagreb
81%
Biggest city in Switzerland Z Zurich
81%
Capital of Serbia B Belgrade
77%
Capital of Western Germany after WW2 B Bonn
77%
City in France B Bordeaux
77%
City in Germany C Cologne
77%
Greek island C Crete
77%
Region of Belgium F Flanders
77%
City in Poland G Gdansk
77%
Country in Europe G Greece
77%
Baltic country L Lithuania
77%
Balearic island M Majorca
77%
Capital of Norway O Oslo
77%
Capital of Sicily P Palermo
77%
City in the above P Porto
77%
City in Austria S Salzburg
77%
French river S Seine
77%
Italian island S Sicily
77%
City in Russia/Florida S St Petersburg
77%
Country in the alps S Switzerland
77%
Capital of Albania T Tirana
77%
Smallest country in the world V Vatican
77%
Capital of Lithuania V Vilnius
77%
City in Denmark A Aarhus
73%
Capital of Romania B Bucharest
73%
Region of Spain C Catalonia
73%
Danish island chain F Faroe
73%
City in Sweden G Gothenburg/Goteburg
73%
British Airport H Heathrow
73%
Country in Eastern Europe H Hungary
73%
Capital of Slovenia L Ljubljana
73%
Balearic island M Minorca
73%
Capital of Montenegro P Podgorica
73%
Country in Eastern Europe P Poland
73%
Capital of Kosovo P Pristina
73%
Italian island S Sardinia
73%
Capital of North Macedonia S Skopje
73%
Militaristic state of ancient Greece S Sparta
73%
City in Spain/Ohio T Toledo
73%
Capital of Malta V Valletta
73%
Capital of the above A Andorra La Vella
69%
Country in Europe A Austria
69%
City in Germany D Dusseldorf
69%
Southernmost region of Portugal F Faro
69%
City in Italy G Genoa
69%
British island in the English Channel J Jersey
69%
City in Sweden M Malmo
69%
City in Ukraine O Odessa
69%
French river R Rhone
69%
City in the Netherlands R Rotterdam
69%
City in Italy V Venice
69%
River in Ukraine D Dnieper
65%
City in Germany E Essen
65%
City in Belgium G Ghent
65%
City in France/Capital of Vermont M Montpelier
65%
City there S Sevilla
65%
City in England S Sheffield
65%
Capital of Austria V Vienna
65%
Sea in Europe B Baltic
62%
City in Spain B Bilbao
62%
City in Italy B Bologna
62%
City in Germany B Bremen
62%
River in Russia D Don
62%
City in Ireland L Limerick
62%
City in Ukraine L Lviv
62%
Region of ancient Greece M Macedonia
62%
City in Spain M Malaga
62%
City in Italy P Pisa
62%
City in Croatia S Split
62%
City in Greece T Thessaloniki
62%
City in Spain V Valencia
62%
City on the Crimean Peninsula where the Big 3 met Y Yalta
62%
Nickname for people from Hungary M Magyar
58%
City in England S Southampton
58%
City in France T Toulouse
58%
City in France C Calais
54%
City in France D Dijon
54%
City in Germany D Dortmund
54%
City in Spain G Granada
54%
City in Germany H Hanover
54%
City in France L Lille
54%
City in the United Kingdom P Portsmouth
54%
City in Germany A Aachen
50%
City in Switzerland B Basel
50%
Gulf between Sweden and Finland B Bothnia
50%
City in the United Kingdom B Bristol
50%
City in the Czech Republic B Brno
50%
City in Belgium B Bruges
50%
City in Ukraine D Donetsk
50%
City in Ireland G Galway
50%
City in Poland L Lodz
50%
City in Germany S Stuttgart
50%
City in Spain Z Zaragoza
50%
City in the United Kingdom C Cambridge
46%
City on the island of Sicily C Catania
46%
Capital of Crete H Heraklion
46%
City in Russia K Kazan
46%
City in Ukraine K Kharkiv
46%
City in Germany M Mannheim
46%
City in the United Kingdom P Plymouth
46%
City in France R Rennes
46%
City there R Rostov
46%
City in France S Strasbourg
46%
City in Norway T Trondheim
46%
City in Italy V Verona
46%
City in Denmark A Aalborg
42%
City in Italy B Bari
42%
City in the United Kingdom B Bournemouth
42%
City in Belarus/France B Brest
42%
Region of France B Brittany
42%
City in Ukraine D Dnipro
42%
City in the United Kingdom D Dover
42%
City in Finland E Espoo
42%
Region of Ireland/German city M Munster
42%
City in Spain M Murcia
42%
City in Denmark O Odense
42%
City in Spain O Oviedo
42%
Lake in Hungary B Balaton
38%
Region of France B Burgundy
38%
City in Hungary D Debrecen
38%
City in Austria L Linz
38%
City in Russia O Omsk
38%
City in Italy P Parma
38%
City in France R Rouen
38%
Norwegian island chain S Svalbard
38%
City in Germany that some people think isn't real B Bielefeld
35%
City in Russia K Krasnoyarsk
35%
City in Poland L Lublin
35%
City in France O Orleans
35%
Region of Italy U Umbria
35%
City in Bulgaria V Varna
35%
City in Germany A Augsburg
31%
City in Portugal B Braga
31%
City in Romania C Constanta
31%
City in Germany D Duisburg
31%
City in Poland G Gdynia
31%
City in Slovakia K Kosice
31%
City in Ukraine L Luhansk
31%
City on the island of Sicilt M Messina
31%
City in Russia M Murmansk
31%
City in Italy P Padua
31%
City in Russia P Perm
31%
City in Bulgaria P Plovdiv
31%
City in Russia Y Yekaterinburg
31%
City in Belgium A Anderlecht
27%
City in Spain G Gijon
27%
City in Switzerland L Luzern
27%
City in Italy M Modena
27%
City in the above P Poznan
27%
City in Italy R Ravenna
27%
Region of Poland S Silesia
27%
City in Russia S Sochi
27%
One of the islands in that island chain S Spitsbergen
27%
City in Norway S Stavanger
27%
City in Finland T Tampere
27%
City in Spain V Valladolid
27%
City in the United Kingdom W Worcester
27%
City in Croatia Z Zadar
27%
Sea between Spain and Morocco A Alboran
23%
City in Russia A Arkhangelsk
23%
City in Germany B Bremerhaven
23%
City in Italy B Brescia
23%
Region of Romania and Ukraine M Moldavia
23%
German state T Thuringia
23%
City in Russia V Voronezh
23%
City in Romania B Brasov
19%
Region of Italy(Full Name) E Emilia Romagna
19%
City in Denmark E Esbjerg
19%
City in Hungary G Gyor
19%
City in Lithuania K Klaipeda
19%
City in Russia K Krasnodar
19%
City/canton in the above S St Gallen
19%
City in Albania V Vlore
19%
City in the Netherlands A Amersfoort
15%
City in Belarus P Pinsk
15%
Another city there R Ryazan
15%
City in Russia T Tula
15%
City in Sweden V Vasteras
15%
City in Belarus V Vitebsk
15%
City in Germany B Brunswick
12%
Estonian island H Hiiumaa
12%
Irish county K Kerry
12%
City in Greece L Larissa
12%
City in Belarus M Mogilev
12%
City in Lithuania S Siauliai
12%
City in Italy T Taranto
12%
City in Russia T Tver
12%
City in Belarus B Babruysk
8%
Sea North of Russia E East Siberian
8%
Estonian county H Harju
8%
City in Finland J Jyvaskyla
8%
City in Finland K Kuopio
8%
City in Greece M Marathon
8%
City in Italy M Massa
8%
Irish county M Meath
8%
City in Ukraine P Poltava
8%
City in Kosovo P Prizren
8%
City in Russia P Pskov
8%
City in Greece V Volos
8%
City in Romania B Bacau
4%
City in Belarus B Barysaw
4%
City in Romania B Buzau
4%
Region of Greece E Epirus
4%
Capital region of Denmark H Hovedstaden
4%
Romanian county H Hunedoara
4%
City in Albania K Korce
4%
City in Kosovo M Mitrovica
4%
City in Bulgaria P Pernik
4%
City in Croatia R Rjieka
4%
City in Albania S Shkoder
4%
City in Bulgaria S Stara Zagora
4%
Swiss canton T Thurgau
4%
Romanian county B Bistrita
0%
Region of Liechtenstein P Planken
0%
City in Poland R Radom
0%
No matching quizzes found
Score Distribution
Percent of People with Each Score
Percentile by Number Answered
Your Score History
You have not taken this quiz